Liverpool All-Time XI - Statistics

General Stats
  • This quiz has been taken 241 times
  • The average score is 6 of 13
Answer Stats
Position Player % Correct
FW (2017- ) Mohamed Salah
98%
DF (2018- ) Virgil Van Dijk
96%
MF (1998-2015) Steven Gerrard
92%
FW (1980-86/87-96) Ian Rush
73%
FW (1977-90) Kenny Dalglish
72%
Coach (1959-74) Bill Shankly
36%
12th player (1971-77) Kevin Keegan
30%
MF (1978-84) Graeme Souness
28%
GK (1967-81) Ray Clemence
26%
DF (1977-91) Alan Hansen
21%
DF (1974–85) Phil Neal
18%
MF (1959-78) Ian Callaghan
13%
DF (1978-86) Alan Kennedy
10%
No matching quizzes found
Score Distribution
Percent of People with Each Score
Percentile by Number Answered
Your Score History
You have not taken this quiz